| 000 | 00715nam a22001577a 4500 | ||
|---|---|---|---|
| 003 | LRUA | ||
| 005 | 20191223150336.0 | ||
| 008 | 191223b xxu||||| |||| 00| 0 eng d | ||
| 040 | _cRUA | ||
| 082 | _aAVM PHE 2016 B654 Or.1 | ||
| 100 |
_914080 _aPHEAN SOPHEAKCHEATA ភាណ សុភជាតា |
||
| 245 | _astudy on prevalence of gastro intestinal parasites in rolea paea district, kompong chhnang province សិក្សាអំពីបរាសិតក្នុងក្រពះពោះវៀនគោនៅក្នុងស្រុករលាប្អៀរ ខេត្តកំពង់ឆ្នាំង | ||
| 260 |
_aRUA _bPhnom penh _c2016 |
||
| 300 |
_axii;37p _bill; _c29cm |
||
| 942 |
_2ddc _cAVM |
||
| 999 |
_c18570 _d18570 |
||